000 00818nam a2200253 u 4500
005 20230110063533.0
008 101012s2005 r 000 0 eng d
020 _a8424106393 (Colección)
020 _a8424106504
035 _aUPN01000178149
049 _aI
050 4 _aQ163
_bG3.38
100 1 _aGaff, Jackie
245 1 0 _aCuelgan las estalacticas :
_by otras preguntas sobre cuevas /
_cJackie Gaff ; tr. de Alberto Jiménez Rioja.
260 _aLeón, España :
_bEverest,
_c2005.
300 _a32 p. :
_bil. col.
440 0 _aMe pregunto por qué
440 0 _aMi primera enciclopedia
534 _pTítulo original :
_tI wonder why stalactites hang down
650 2 _aCiencia
_vLiteratura juvenil
_96801
650 4 _aPREGUNTAS Y RESPUESTAS
_95370
650 4 _aCAVERNAS
_98676
905 _aInfantil
999 _c150252
_d150252